97th Academy Awards Nominations - Statistics

General Stats
  • This quiz has been taken 137 times
    27 since last reset
  • The average score is 24 of 53
Answer Stats
Category Film % Correct
Picture A Complete Unknown
94%
Picture Anora
94%
Picture Emilia Pérez
89%
International Feature Emilia Pérez [France]
89%
Picture I'm Still Here
89%
International Feature I'm Still Here [Brazil]
89%
Picture The Brutalist
89%
Picture The Substance
89%
Picture Conclave
83%
Picture Wicked
83%
Animated Feature Flow
78%
International Feature Flow [Latvia]
78%
Supporting Actor A Real Pain
67%
Animated Feature Inside Out 2
61%
Picture Nickel Boys
61%
Lead Actor Sing Sing
61%
Animated Feature The Wild Robot
61%
Picture Dune: Part Two
56%
Cinematography Nosferatu
56%
Animated Feature Wallace and Gromit: Vengeance Most Fowl
56%
Lead Actor The Apprentice
50%
Original Screenplay September 5
44%
Animated Feature Memoir of a Snail
39%
Documentary Feature No Other Land
39%
International Feature The Girl with the Needle [Denmark]
39%
Song Elton John: Never Too Late
33%
Visual Effects Kingdom of the Planet of the Apes
33%
International Feature The Seed of the Sacred Fig [Germany]
33%
Makeup and Hairstyling A Different Man
28%
Live-Action Short A Lien
28%
Visual Effects Better Man
28%
Documentary Feature Black Box Diaries
28%
Costume Design Gladiator II
28%
Live-Action Short I'm Not a Robot
28%
Cinematography Maria
28%
Song The Six Triple Eight
28%
Visual Effects Alien: Romulus
22%
Animated Short In the Shadow of the Cypress
22%
Documentary Feature Porcelain War
22%
Documentary Feature Soundtrack to a Coup d’Etat
22%
Live-Action Short Anuja
17%
Animated Short Beautiful Men
17%
Documentary Short Death by Numbers
17%
Documentary Short I Am Ready, Warden
17%
Documentary Short Incident
17%
Documentary Short Instruments of a Beating Heart
17%
Animated Short Magic Candies
17%
Documentary Feature Sugarcane
17%
Live-Action Short The Last Ranger
17%
Live-Action Short The Man Who Could Not Remain Silent
17%
Documentary Short The Only Girl in the Orchestra
17%
Animated Short Wander to Wonder
17%
Animated Short Yuck!
17%
No matching quizzes found
Score Distribution
Percent of People with Each Score
Percentile by Number Answered
Your Score History
You have not taken this quiz since the last reset